=LDR 00000nam 2200000 4500 =001 INLIS000000000048504 =005 20170420092406.0 =006 =007 =008 =035 ##$$0010-111600000000083 =040 ##$$a NBPDMAT =082 ##$$a 899.221 3 =090 ##$$a 899.221 3$bTer p =100 ##$$a Tere Liye =245 ##$$a Pukat $c / Tere Liye =250 ##$$a Cet. 9 =260 ##$$a Jakarta $b Republika $c 2015 =300 ##$$a vi, 344 hlm. ; $c 21 cm =650 ##$$a Fiksi Indonesia =850 ##$$a NBPDMAT =990 ##$$a 51600210